000 00607cam a2200169 4500
001 WS107503
008 000000n 000 0 eng u
035 _a(Sirsi) u107503
110 _aNational Housing Federation
_9695
245 _aNational Housing Federation
520 _aHomepages for this body representing the independent social housing sector including their briefings and free booklets.
650 _aSOCIAL HOUSING
650 _aRESIDENTIAL
690 _aAffordable housing
_96215
856 4 0 _uhttps://www.housing.org.uk
_zView the website free of charge at www.housing.org.uk...
942 _n0
999 _c119548
_d119548